000 00665nam a2200229Ia 4500
005 20260430150108.0
008 008 250103s9999 xx 000 0 eng d
037 _aTheses
040 _aCRL
040 _beng
040 _ceng
041 _2eng
041 _aeng
084 _qCRL
100 _aAakanksha Au.; Jagreet Kaur Gu.; Pradhan Akshay K. Gu.
_91236446
245 0 _aGenetic analysis of heterosis for seed yield and yield component traits in brassica juncea
260 _c2022
300 _a175p.
700 _aUniversity of Delhi South Campus. Faculty of Science. Department of Gentics
_91236447
942 _cTH
999 _c1848934
_d1848934